Statistics for what star wars characters appear in the first 2 trilogies?

Click here to take the quiz!

General Stats

  • This quiz has been taken 10 times
  • The average score is 11 of 13

Answer Stats

Answer% Correct
Darth Vader
100%
Emperor Palpatine
100%
Obi-Wan Kenobi
100%
Princess Leia
100%
Yoda
100%
C-3PO
88%
Chewbacca
88%
Jabba the Hutt
88%
Luke Skywalker
88%
R2-D2
88%
Boba Fett
63%
Bib Fortuna
25%
Greedo
25%

Score Distribution

Percentile by Number Answered

Percent of People with Each Score

Your Score History

You have not taken this quiz